00820 2200241 4500001002100000005001500021035002000036007000300056008004100059020001800100082001000118084001600128100001900144245009300163250000600256260004300262300004900305700001200354650002200366520015600388990001700544990001700561INLIS00000000000018420260521083449 a0010-0323000078ta260521 j 0 ind  a979-514-344-1 a635.9 a635.9 SAR b0 aSari Pusparini1 aBunga Nasional Indonesia :bMengapa cabai pedas ? /cSari Pusparini ; olustrasi, DIno As a- aBandung :bPT Remaja Rosdakarya,c1993 a24 :bilus. ; gambar hitam putih ;c28 cme-0 aDIno As 4aBunga - Indonesia aBuku ini membahas tentang bunga nasional Indonesia apa saja jenisnya serta bagaimana jenis bunga ini. Semuanya dibahas secara lengkap di dalam buku ini a00036/K/2006 a00035/K/2006